Classroom management : sound theory and effective practice /

Bibliographic Details
Main Author: Tauber, Robert T.
Corporate Author: NetLibrary, Inc
Format: eBook
Language:English
Published: Westport, Conn. : Bergin & Garvey, 1999.
Edition:3rd ed.
Subjects:
Online Access:Connect to the full text of this electronic book

MARC

Tag First Indicator Second Indicator Subfields
LEADER 00000cam a2200000La 4500
001 in00001760721
005 20220105110500.0
006 m u
007 cr cn---------
008 011031s1999 ctuad sb 001 0 eng d
020 |a 0585386609 (electronic bk.) 
035 |a (OCoLC)ocm49569755 
040 |a N$T  |c N$T  |d OCLCQ  |d UtOrBLW 
043 |a n-us--- 
049 |a IICA 
050 1 4 |a LB3011  |b .T38 1999eb 
082 0 4 |a 371.102/4  |2 21 
100 1 |a Tauber, Robert T.  |0 http://id.loc.gov/authorities/names/n88265870 
245 1 0 |a Classroom management :  |b sound theory and effective practice /  |c Robert T. Tauber. 
250 |a 3rd ed. 
264 1 |a Westport, Conn. :  |b Bergin & Garvey,  |c 1999. 
300 |a xv, 339 pages :  |b illustrations, charts ;  |c 25 cm. 
336 |a text  |b txt  |2 rdacontent 
337 |a computer  |b c  |2 rdamedia 
338 |a online resource  |b cr  |2 rdacarrier 
500 |a Revised edition of: Classroom management from A to Z. c1990. 
504 |a Includes bibliographical references (pages [311]-327) and indexes. 
533 |a Electronic reproduction.  |b Boulder, Colo. :  |c NetLibrary,  |d 2001.  |n Available via World Wide Web.  |n Access may be limited to NetLibrary affiliated libraries. 
500 |a Electronic resource. 
650 0 |a Classroom management  |z United States.  |0 http://id.loc.gov/authorities/subjects/sh2008117703 
650 0 |a School discipline  |z United States.  |0 http://id.loc.gov/authorities/subjects/sh2008111243 
655 7 |a Electronic books.  |2 local 
700 1 |a Tauber, Robert T.  |t Classroom management from A to Z. 
710 2 |a NetLibrary, Inc.  |0 http://id.loc.gov/authorities/names/no99080690 
776 1 |c Original  |z 0897896181  |w (DLC) 99012711  |w (OCoLC)40723636 
856 4 1 |u https://proxy.library.tamu.edu/login?url=http://www.netLibrary.com/urlapi.asp?action=summary&v=1&bookid=63653  |z Connect to the full text of this electronic book  |t 0 
994 |a X0  |b IIC 
999 |a MARS 
999 f f |s 518a37c0-6d2f-3548-b0e4-7177be5b9444  |i 5f2d3cd7-73f0-3104-95de-3c3de77e7b27  |t 0 
952 f f |a Texas A&M University  |b College Station  |c Electronic Resources  |d Available Online  |t 0  |e LB3011 .T38 1999eb  |h Library of Congress classification 
998 f f |a LB3011 .T38 1999eb  |t 0  |l Available Online